Immune Dependent Chemoprophylaxis of Murine Schistosomiasis Mansoni with Free And Liposome Entrapped oxamniquine / (رقم التسجيلة. 179413)

تفاصيل مارك
000 -LEADER
fixed length control field 01649namaa22003371i 4500
005 - أخر تعامل مع التسجيلة
control field 20260412114341.0
008 - FIXED-LENGTH DATA ELEMENTS--GENERAL INFORMATION
fixed length control field 260412s1995 ua a|||frm||| 000 0 eng d
040 ## - CATALOGING SOURCE
Original cataloguing agency EG-GICUC
Language of cataloging eng
Transcribing agency EG-GICUC
Modifying agency EG-GICUC
Description conventions rda
041 0# - LANGUAGE CODE
Language code of text/sound track or separate title eng
Language code of summary or abstract eng
-- ara
049 ## - Acquisition Source
Acquisition Source Deposit
097 ## - Degree
Degree Ph.D
099 ## - LOCAL FREE-TEXT CALL NUMBER (OCLC)
Local Call Number Cai01.12.21.Ph.D.1995.El.I
100 0# - MAIN ENTRY--PERSONAL NAME
Authority record control number or standard number El-Rashdy Moustafa Mohamed Redwan,
Preparation preparation.
245 10 - TITLE STATEMENT
Title Immune Dependent Chemoprophylaxis of Murine Schistosomiasis Mansoni with Free And Liposome Entrapped oxamniquine /
Statement of responsibility, etc. By El-Rashdy Moustafa Mohamed Redwan ; Supervised Prof. Dr. Rashika El-Ridi, Prof. Dr. Mohamed S. El-Ridy, Dr. Nabil I. Guirguis, Dr. Ahmed Osman
246 15 - VARYING FORM OF TITLE
Title proper/short title مشاركة الجهاز المناعي في الوقاية بالاكزامانكوين المحمل وغير المحمل في ليبوزومات من بلهارسيا المستقيم في الفئران البيضاء
264 #0 - PRODUCTION, PUBLICATION, DISTRIBUTION, MANUFACTURE, AND COPYRIGHT NOTICE
Date of production, publication, distribution, manufacture, or copyright notice 1995.
300 ## - PHYSICAL DESCRIPTION
Extent 213 Leaves
Other physical details illustrations
Dimensions 30 cm. +
336 ## - CONTENT TYPE
Source rda content
Content type term text
337 ## - MEDIA TYPE
Source rdamedia
Media type term Unmediated
338 ## - CARRIER TYPE
Source rdacarrier
Carrier type term volume
502 ## - DISSERTATION NOTE
Dissertation note Thesis (Ph.D)-Cairo University, 1995
504 ## - BIBLIOGRAPHY, ETC. NOTE
Bibliography, etc. note Bibliography: pages 188-213
653 #0 - INDEX TERM--UNCONTROLLED
Uncontrolled term Immune Dependent Chemoprophylaxis of Murine Schistosomiasis
700 0# - ADDED ENTRY--PERSONAL NAME
Personal name Rashika El-Rid
Relator term thesis advisor.
700 0# - ADDED ENTRY--PERSONAL NAME
Personal name Mohamed S. El-Ridy
Relator term thesis advisor.
700 0# - ADDED ENTRY--PERSONAL NAME
Personal name Nabil I. Guirguis
Relator term thesis advisor.
700 0# - ADDED ENTRY--PERSONAL NAME
Personal name Ahmed Osman
Relator term thesis advisor.
900 ## - Thesis Information
Department Department of Zoology
Faculties Faculty of Science
Universities Cairo University
Grant date 1995
Supervisory body Rashika El-Rid
-- Mohamed S. El-Ridy
-- Nabil I. Guirguis,
-- Ahmed Osman
905 ## - Cataloger and Reviser Names
Cataloger Name Nehad
942 ## - ADDED ENTRY ELEMENTS (KOHA)
Source of classification or shelving scheme Dewey Decimal Classification
Koha item type Thesis
Edition 21
Suppress in OPAC No

لا توجد مواد متاحة.

Cairo University Libraries Portal Implemented & Customized by: Eng. M. Mohamady Contacts: new-lib@cl.cu.edu.eg | cnul@cl.cu.edu.eg
CUCL logo CNUL logo
© All rights reserved — Cairo University Libraries
CUCL logo
Implemented & Customized by: Eng. M. Mohamady Contact: new-lib@cl.cu.edu.eg © All rights reserved — New Central Library
CNUL logo
Implemented & Customized by: Eng. M. Mohamady Contact: cnul@cl.cu.edu.eg © All rights reserved — Cairo National University Library